Escritos sobre literatura, 1 /

Guardat en:
Dades bibliogràfiques
Autor principal: Hesse, Hermann (autor)
Altres autors: Dieterich Arenas, Genoveva (traducción) (traducción), Dieterich, Antón (traducción) (traducción)
Format: Llibre
Idioma:espanyol
Publicat: Madrid, España : Alianza, 1983, c1983
Col·lecció:(Alianza Tres ; 114)
Matèries:
Etiquetes: Afegir etiqueta
Sense etiquetes, Sigues el primer a etiquetar aquest registre!

MARC

LEADER 00000nam^a2200000^a^4500
001 000002993
005 20250521000000.0
009 20260526112651.387
020 |a 84-206-3114-0 
020 |a 84-206-3991-3 
037 |a Acervo ITESO - Biblioteca 
041 |a ESP 
082 |a 834.  |b HES V. 1 
100 |a Hesse, Hermann  |e (autor) 
245 1 0 |a Escritos sobre literatura, 1 /  |c H. Hesse ; tr. por G. Dieterich Arenas, A. Dieterich. 
264 4 |a Madrid, España :  |b Alianza,  |c 1983, c1983 
300 |a 1 v. (379 p.) 
336 |a texto  |b txt  |2 rdacontenido 
337 |a sin mediación  |b n  |2 rdamedio 
338 |a volumen  |b nc  |2 rdasoporte 
440 1 |a (Alianza Tres ;  |v 114) 
500 |a Traducción de: Schriften zur Literatur – 1 
545 0 |a Novelista y poeta de origen alemán, Hermann Hesse (1877-1962) desarrolló una escritura en la que destacan su inquietud espiritual, cuyas fuentes fueron lo mismo la psicología jungiana que el misticismo oriental, y el desasosiego resultante del materialismo presente. Laureada con el Premio Nobel de Literatura en 1946, la obra de Hesse comprende Demian (1919), Siddharta (1922), El lobo estepario (1927) y El juego de los abalorios (1943), entre otras novelas. 
586 |a Premio Nobel de Literatura 1946 
649 |a XX 
650 |a Escritores Suizos 
650 |a Ensayos Suizos 
650 |a Cartas Suizas 
650 |a Literatura en Alemán -  |z Suiza 
650 |a Filosofía y Literatura 
650 |a Literatura Suiza -  |y Siglo XX 
650 |a Literatura Alemana -  |x Historia y Crítica 
650 |a Literatura -  |x Historia y Crítica 
650 |a Literatura -  |x Filosofía 
650 |a Hesse, Hermann -  |x Tema Principal 
700 |a Dieterich Arenas, Genoveva  |e (traducción) 
700 |a Dieterich, Antón  |e (traducción) 
910 |a Fondo General 
920 |a Impresos - Libros 
930 |a Colección General 
940 |a Literatura 
905 |a 101 
901 |a 0029930100  |b IT1  |c LIT  |i 002993  |u 20250521 
902 |a https://opac.biblio.iteso.mx/vufind/Record/000002993